[Event "FIDE WCC Blitz Women 2019"]
[Site "Moscow"]
[Date "2019.12.30"]
[Round "17.9"]
[White "Buksa, Nataliya"]
[Black "Munguntuul, Batkhuyag"]
[Result "1/2-1/2"]
[WhiteElo "2356"]
[BlackElo "2282"]
[Annotator "TA"]
[PlyCount "122"]
[EventDate "2019.12.29"]
[EventType "swiss"]
[EventCountry "RUS"]
[SourceTitle "playchess.com"]
[Source "ChessBase"]
[SourceQuality "1"]

1. e4 c5 2. Nf3 e6 3. d4 cxd4 4. Nxd4 Nc6 5. Nc3 Qc7 6. Be2 a6 7. O-O Nf6 8. Be3 Be7 9. f4 d6 10. Qe1 O-O 11. Qg3 Nxd4 12. Bxd4 b5 13. a3 Bb7 14. Rae1 Rad8 15. Bd3 Bc6 16. Nd1 Qd7 17. Ne3 Nh5 18. Qf3 Nf6 19. Qg3 Nh5 20. Qh3 Nf6 21. e5 dxe5 22. Bxe5 Ne4 23. f5 exf5 24. Nxf5 Bc5+ 25. Kh1 f6 26. Bg3 Rfe8 27. Qg4 Qb7 28. Bh4 Kh8 29. Re2 Re5 30. Bxe4 Rxe4 31. Rxe4 Bxe4 32. Nxg7 Bxg2+ 33. Qxg2 Qxg2+ 34. Kxg2 Rd2+ 35. Kh3 Kxg7 36. Bxf6+ Kg6 37. Bc3 Rxc2 38. Rf6+ Kg5 39. Rc6 Bd4 40. Kg3 Bxc3 41. h4+ Kf5 42. bxc3 Ke5 43. Kg4 Kd5 44. Rxa6 Rxc3 45. h5 h6 46. Kf5 Rg3 47. Rxh6 Rxa3 48. Rh8 b4 49. h6 Rh3 50. h7 b3 51. Rd8+ Kc4 52. h8=Q Rxh8 53. Rxh8 b2 54. Rb8 Kc3 55. Ke4 Kc2 56. Rc8+ Kd1 57. Rb8 Kc2 58. Rc8+ Kd2 59. Rb8 Kc2 60. Kd4 b1=Q 61. Rxb1 Kxb1 1/2-1/2

[Event "FIDE WCC Blitz Women 2019"]
[Site "Moscow"]
[Date "2019.12.30"]
[Round "17.10"]
[White "Socko, Monika"]
[Black "Harika, Dronavalli"]
[Result "1/2-1/2"]
[WhiteElo "2286"]
[BlackElo "2445"]
[Annotator "NA"]
[PlyCount "114"]
[EventDate "2019.12.29"]
[EventType "swiss"]
[EventCountry "RUS"]
[SourceTitle "playchess.com"]
[Source "ChessBase"]
[SourceQuality "1"]

1. d4 d5 2. c4 e6 3. Nf3 Nf6 4. g3 dxc4 5. Bg2 c6 6. O-O b5 7. Ne5 Bb7 8. Nc3 Nd5 9. Ne4 Nd7 10. Nxd7 Qxd7 11. Nc5 Bxc5 12. dxc5 Rd8 13. Qc2 O-O 14. Bd2 Qe7 15. b4 a5 16. a3 a4 17. e4 Nf6 18. Bc3 Rd3 19. Rae1 e5 20. h3 Rfd8 21. f4 Rxg3 22. Bxe5 Bc8 23. Kh2 Rdd3 24. Bd6 Qd8 25. f5 Nh5 26. Qe2 Qh4 27. Bxg3 Nxg3 28. Qf2 Nxf1+ 29. Rxf1 Qxf2 30. Rxf2 Bd7 31. e5 Rxa3 32. e6 fxe6 33. fxe6 Bxe6 34. Bxc6 Rxh3+ 35. Kg2 Re3 36. Bxb5 a3 37. c6 Bd5+ 38. Kh2 Re7 39. Rd2 Be6 40. Ra2 Ra7 41. Ra1 c3 42. Bd3 a2 43. b5 Rc7 44. Be4 c2 45. b6 Rc8 46. b7 Rb8 47. c7 Rxb7 48. Bxb7 Kf8 49. Be4 Ke7 50. Bb7 Kd6 51. c8=Q Bxc8 52. Bxc8 Kc5 53. Bf5 Kb4 54. Bxc2 Ka3 55. Bxh7 Kb2 56. Rg1 a1=Q 57. Rxa1 Kxa1 1/2-1/2

[Event "FIDE WCC Blitz Women 2019"]
[Site "Moscow"]
[Date "2019.12.30"]
[Round "17.11"]
[White "Mamedjarova, Turkan"]
[Black "Ushenina, Anna"]
[Result "0-1"]
[WhiteElo "2273"]
[BlackElo "2424"]
[Annotator "NA"]
[PlyCount "88"]
[EventDate "2019.12.29"]
[EventType "swiss"]
[EventCountry "RUS"]
[SourceTitle "playchess.com"]
[Source "ChessBase"]
[SourceQuality "1"]

1. d4 d5 2. Nf3 Nf6 3. c4 dxc4 4. e3 a6 5. Bxc4 e6 6. O-O b5 7. Bd3 Bb7 8. Nc3 Nbd7 9. a3 c5 10. Qe2 Bd6 11. h3 O-O 12. Rd1 Qe7 13. Bc2 Rfd8 14. e4 cxd4 15. Nxd4 Ne5 16. Bg5 h6 17. Bh4 Ng6 18. Bxf6 Qxf6 19. Nf3 Ne5 20. Nd2 Rac8 21. Rab1 Qf4 22. Nf1 Nc4 23. Rd3 Bc5 24. Rf3 Qe5 25. Rg3 Bd4 26. Qg4 Rd7 27. Ne2 Bb6 28. Nf4 Nd2 29. Nd3 Rxd3 30. Bxd3 Nxb1 31. Bxb1 Rc1 32. Bd3 g6 33. h4 h5 34. Qf3 Qd4 35. Kh2 Qxb2 36. Qxh5 Qh8 37. Qg4 Bd8 38. Rh3 Qe5+ 39. Ng3 Bc7 40. h5 g5 41. h6 Kh8 42. h7 Qa1 43. Bf1 Rxf1 44. e5 Bxe5 0-1

[Event "FIDE WCC Blitz Women 2019"]
[Site "Moscow"]
[Date "2019.12.30"]
[Round "17.12"]
[White "Saduakassova, Dinara"]
[Black "Charochkina, Daria"]
[Result "1-0"]
[WhiteElo "2390"]
[BlackElo "2212"]
[Annotator "TA"]
[PlyCount "79"]
[EventDate "2019.12.29"]
[EventType "swiss"]
[EventCountry "RUS"]
[SourceTitle "playchess.com"]
[Source "ChessBase"]
[SourceQuality "1"]

1. d4 d6 2. Nf3 Nf6 3. g3 g6 4. Bg2 Bg7 5. O-O O-O 6. c4 Bf5 7. Nc3 Ne4 8. Bd2 c5 9. Nxe4 Bxe4 10. Bc3 Nc6 11. e3 Rc8 12. Qd2 Qb6 13. d5 Bxf3 14. Bxf3 Bxc3 15. Qxc3 Ne5 16. Bg2 f5 17. f4 Ng4 18. e4 Qc7 19. Rae1 Nf6 20. exf5 gxf5 21. Re6 Rf7 22. Rfe1 Rcf8 23. Qc2 Nh5 24. Qe2 Ng7 25. Rxe7 Rxe7 26. Qxe7 Qa5 27. b4 Qxb4 28. a3 Qc3 29. Rf1 Qxc4 30. Qxd6 Qd4+ 31. Kh1 Re8 32. Qc7 Re2 33. Qc8+ Ne8 34. Qxf5 Qd2 35. Qg4+ Ng7 36. Rg1 h5 37. Qf3 Re1 38. Rxe1 Qxe1+ 39. Bf1 Nf5 40. Qe2 1-0

[Event "FIDE WCC Blitz Women 2019"]
[Site "Moscow"]
[Date "2019.12.30"]
[Round "17.13"]
[White "Gvetadze, Sofio"]
[Black "Zatonskih, Anna"]
[Result "0-1"]
[WhiteElo "2202"]
[BlackElo "2374"]
[Annotator "NA"]
[PlyCount "86"]
[EventDate "2019.12.29"]
[EventType "swiss"]
[EventCountry "RUS"]
[SourceTitle "playchess.com"]
[Source "ChessBase"]
[SourceQuality "1"]

1. Nf3 d5 2. g3 Nf6 3. Bg2 c5 4. O-O Nc6 5. d3 e5 6. Nbd2 Be7 7. e4 O-O 8. exd5 Nxd5 9. Re1 f6 10. Nc4 Kh8 11. a4 Bg4 12. c3 Qd7 13. Qc2 Rad8 14. Nfd2 Qc7 15. Ne4 Bh5 16. Ne3 Bf7 17. Nxd5 Bxd5 18. Be3 b6 19. f4 Bxe4 20. Bxe4 exf4 21. Bxf4 Bd6 22. Bxd6 Qxd6 23. Qg2 Ne5 24. Rf1 g6 25. Rad1 f5 26. Bb7 Nxd3 27. Ba6 c4 28. h3 f4 29. g4 Qc5+ 30. Kh2 Rfe8 31. Bb7 Re3 32. Bf3 Rde8 33. Rd2 Qc7 34. h4 Ne5 35. Rdf2 Nxg4+ 36. Bxg4 Rg3 37. Qd5 Rxg4 38. Qd4+ Kg8 39. Qd5+ Kg7 40. Qd4+ Kh6 41. h5 Re5 42. Kh1 Rxh5+ 43. Rh2 Qc6+ 0-1

[Event "FIDE WCC Blitz Women 2019"]
[Site "Moscow"]
[Date "2019.12.30"]
[Round "17.15"]
[White "Zhukova, Natalia"]
[Black "Muzychuk, Mariya"]
[Result "1-0"]
[WhiteElo "2239"]
[BlackElo "2344"]
[Annotator "NA"]
[PlyCount "82"]
[EventDate "2019.12.29"]
[EventType "swiss"]
[EventCountry "RUS"]
[SourceTitle "playchess.com"]
[Source "ChessBase"]
[SourceQuality "1"]

1. c4 c5 2. Nf3 Nc6 3. d4 cxd4 4. Nxd4 Nf6 5. Nc3 e6 6. g3 Qb6 7. Ndb5 Ne5 8. Bg2 a6 9. Qa4 Rb8 10. Na3 Be7 11. O-O O-O 12. Bf4 d6 13. b4 Bd7 14. Qb3 Bc6 15. c5 Qc7 16. Bxe5 dxe5 17. Nc4 Nd5 18. e4 Nxc3 19. Qxc3 Bb5 20. Rfc1 Rfd8 21. Nxe5 Bf6 22. f4 Rd3 23. Qb2 Rbd8 24. a4 Rd2 25. Rc2 Rd1+ 26. Kf2 Bc6 27. Rxd1 Rxd1 28. b5 axb5 29. axb5 Qa5 30. bxc6 Bxe5 31. Qxe5 Qe1+ 32. Kf3 Rd3+ 33. Kg4 h5+ 34. Kh4 bxc6 35. Rb2 Qd1 36. Rb8+ Kh7 37. Qxh5+ Qxh5+ 38. Kxh5 Rc3 39. e5 Rxc5 40. Rc8 Rc2 41. Be4+ g6+ 1-0

[Event "FIDE WCC Blitz Women 2019"]
[Site "Moscow"]
[Date "2019.12.30"]
[Round "17.16"]
[White "Batsiashvili, Nino"]
[Black "Shuvalova, Polina"]
[Result "1/2-1/2"]
[WhiteElo "2259"]
[BlackElo "2302"]
[Annotator "NA RC"]
[PlyCount "329"]
[EventDate "2019.12.29"]
[EventType "swiss"]
[EventCountry "RUS"]
[SourceTitle "playchess.com"]
[Source "ChessBase"]
[SourceQuality "1"]

1. c4 e6 2. g3 d5 3. Nf3 Nf6 4. Bg2 Be7 5. O-O O-O 6. d4 dxc4 7. Qc2 a6 8. a4 Bd7 9. Qxc4 Bc6 10. Qc2 Be4 11. Qd1 Nc6 12. Nc3 Bxf3 13. Bxf3 Qxd4 14. Qxd4 Nxd4 15. Bxb7 Ra7 16. Bg2 Rb8 17. e3 Nb3 18. Rb1 c5 19. Rd1 g6 20. e4 Nxc1 21. Rdxc1 Nd7 22. f4 Rab7 23. Rc2 c4 24. e5 Rb4 25. Ne4 Rxa4 26. Rbc1 Nc5 27. Nd6 Nd3 28. Rxc4 Rxc4 29. Rxc4 Nxb2 30. Rc7 Kf8 31. Ra7 Bxd6 32. exd6 Nc4 33. d7 Rd8 34. Bc6 Nb6 35. Rb7 Nc4 36. Ra7 Nb6 37. Rb7 Nc4 38. Ra7 a5 39. Kf2 Ke7 40. h4 Nb6 41. Rxa5 Nxd7 42. Ra7 h5 43. Ke3 Kd6 44. Bxd7 Rxd7 45. Ra8 Rb7 46. Ra3 Ke7 47. Ke4 Rb4+ 48. Kf3 Rb7 49. Ke4 Kf6 50. Kf3 Rb5 51. Ra7 Rb3+ 52. Kf2 Rc3 53. Rb7 Ra3 54. Rc7 Ra6 55. Rb7 Ra8 56. Kf3 Re8 57. Rb6 Re7 58. Ra6 Rb7 59. Ra3 Kf5 60. Ra5+ Kf6 61. Ra3 Ke7 62. Rc3 Kd6 63. Rd3+ Kc6 64. Rc3+ Kd5 65. Rd3+ Kc6 66. Rd8 Rd7 67. Ra8 Kd5 68. Ra5+ Kd4 69. Ra4+ Kd3 70. Ra2 Rc7 71. Ra3+ Kd2 72. Ke4 Rc5 73. Ra7 Rf5 74. Kf3 Kd3 75. Rd7+ Kc3 76. Ke4 Kc4 77. Rc7+ Kb5 78. Kf3 Kb6 79. Re7 Kc6 80. Ra7 Kd6 81. Ke4 Kc6 82. Kf3 Kd5 83. Rd7+ Kc6 84. Ra7 Kc5 85. Ke4 Kd6 86. Kf3 e5 87. Ra6+ Ke7 88. Ra7+ Ke6 89. Ra6+ Ke7 90. Ke4 exf4 91. gxf4 Rb5 92. Ra7+ Kf6 93. Ra6+ Kg7 94. Kf3 Rb3+ 95. Kg2 Rb2+ 96. Kg3 Rb3+ 97. Kg2 Rb1 98. Kg3 Rg1+ 99. Kh3 Rg4 100. Ra4 Kf6 101. Rb4 Ke6 102. Ra4 Kf5 103. Ra7 f6 104. Ra5+ Kxf4 105. Ra4+ Kf5 106. Ra5+ Ke6 107. Ra6+ Ke7 108. Ra7+ Ke6 109. Ra6+ Ke5 110. Ra5+ Ke4 111. Ra4+ Kf3 112. Ra3+ Ke2 113. Ra2+ Kd3 114. Ra3+ Ke4 115. Ra4+ Kf5 116. Ra5+ Ke6 117. Ra6+ Ke7 118. Ra7+ Kf8 119. Ra8+ Kg7 120. Ra7+ Kh6 121. Ra6 Rf4 122. Ra7 Rf5 123. Ra6 Rf1 124. Rb6 Rf3+ 125. Kg2 Rf5 126. Kg3 Kg7 127. Rb7+ Kf8 128. Rb8+ Kf7 129. Rb7+ Ke6 130. Rb6+ Ke5 131. Rb5+ Ke4 132. Rb4+ Ke5 133. Rb5+ Ke6 134. Rb6+ Kd7 135. Rb7+ Kc6 136. Ra7 g5 137. hxg5 fxg5 138. Rh7 g4 139. Re7 Kd6 140. Re1 Re5 141. Rf1 Ke6 142. Rf8 Rf5 143. Re8+ Kf6 144. Rf8+ Kg6 145. Rg8+ Kf7 146. Rh8 Kg7 147. Ra8 Rf3+ 148. Kh4 Rh3+ 149. Kg5 Kf7 150. Ra6 Ke7 151. Kf4 Rb3 152. Rh6 Rb5 153. Kg3 Kf7 154. Kh4 Kg7 155. Rc6 Rf5 156. Ra6 Rf6 157. Ra8 Rf5 158. Ra6 Rf6 159. Ra8 Kg6 160. Rg8+ Kh7 161. Rg5 Rh6 162. Ra5 Kg7 163. Kg5 Rg6+ 164. Kxh5 Rc6 165. Kxg4 1/2-1/2

[Event "FIDE WCC Blitz Women 2019"]
[Site "Moscow"]
[Date "2019.12.30"]
[Round "17.17"]
[White "Voit, Daria"]
[Black "Mkrtchian, Lilit"]
[Result "0-1"]
[WhiteElo "2293"]
[BlackElo "2268"]
[Annotator "NA"]
[PlyCount "120"]
[EventDate "2019.12.29"]
[EventType "swiss"]
[EventCountry "RUS"]
[SourceTitle "playchess.com"]
[Source "ChessBase"]
[SourceQuality "1"]

1. Nf3 Nf6 2. d4 d5 3. c4 e6 4. g3 Bb4+ 5. Bd2 Be7 6. Bg2 Nbd7 7. O-O O-O 8. Qc2 c6 9. a4 a5 10. Rc1 Ne4 11. Be1 Bd6 12. Nc3 Ndf6 13. Na2 Qe7 14. Rab1 Nd7 15. b4 axb4 16. Bxb4 Bxb4 17. Nxb4 Nd6 18. Nd2 Nxc4 19. Nxc4 dxc4 20. Qxc4 Nf6 21. Nd3 Nd5 22. e4 Nf6 23. Rb4 Rd8 24. Rcb1 h6 25. h3 Ra7 26. Nc5 Qc7 27. f4 Ne8 28. e5 Qe7 29. Kh2 h5 30. h4 Qc7 31. Bf3 g6 32. Be4 Ng7 33. Qb3 Qe7 34. Qc4 Nf5 35. Bxf5 exf5 36. Rd1 Rd5 37. Rdb1 Qd8 38. Qc3 Qe7 39. Qb3 Qd8 40. Qc4 Qe7 41. Rb6 Qc7 42. R1b4 Qe7 43. Qb3 Qd8 44. Qc3 Qe7 45. Qe3 Qd8 46. Qf2 Qc7 47. Qb2 Qd8 48. Qe2 Rxd4 49. Rxd4 Qxd4 50. Qc2 Ra5 51. Nxb7 Qxb6 52. Nxa5 Qxa5 53. Qxc6 Be6 54. Qe8+ Kg7 55. Qc6 Qd2+ 56. Kg1 Qd1+ 57. Kf2 Qd4+ 58. Kf1 Bc4+ 59. Ke1 Qe3+ 60. Kd1 Bb3+ 0-1

[Event "FIDE WCC Blitz Women 2019"]
[Site "Moscow"]
[Date "2019.12.30"]
[Round "17.18"]
[White "Gaponenko, Inna"]
[Black "Strutinskaia, Galina"]
[Result "0-1"]
[WhiteElo "2415"]
[BlackElo "2227"]
[Annotator "NA"]
[PlyCount "68"]
[EventDate "2019.12.29"]
[EventType "swiss"]
[EventCountry "RUS"]
[SourceTitle "playchess.com"]
[Source "ChessBase"]
[SourceQuality "1"]

1. e4 c5 2. c3 d5 3. exd5 Qxd5 4. d4 Nf6 5. Nf3 e6 6. Bd3 Nc6 7. O-O Be7 8. c4 Qd8 9. dxc5 Bxc5 10. Nc3 Be7 11. Qe2 a6 12. Bg5 Nd4 13. Nxd4 Qxd4 14. Rad1 Qg4 15. Qe3 h6 16. Bf4 Qh5 17. Bg3 O-O 18. Bb1 Bd7 19. Nd5 exd5 20. Qxe7 Rfe8 21. Qb4 Bc6 22. cxd5 Nxd5 23. Qc5 Rac8 24. Rfe1 Nf6 25. Qxh5 Nxh5 26. Be5 Nf6 27. Bxf6 gxf6 28. f3 Kg7 29. Kf2 Re5 30. Re3 Ba4 31. b3 Bb5 32. Be4 Rce8 33. Rde1 b6 34. Bb1 R8e7 0-1

[Event "FIDE WCC Blitz Women 2019"]
[Site "Moscow"]
[Date "2019.12.30"]
[Round "17.19"]
[White "Sargsyan, Anna"]
[Black "Fataliyeva, Ulviyya"]
[Result "0-1"]
[WhiteElo "1708"]
[BlackElo "2108"]
[Annotator "NA"]
[PlyCount "44"]
[EventDate "2019.12.29"]
[EventType "swiss"]
[EventCountry "RUS"]
[SourceTitle "playchess.com"]
[Source "ChessBase"]
[SourceQuality "1"]

1. e4 e6 2. d4 d5 3. Nc3 Nf6 4. Bd3 c5 5. exd5 exd5 6. dxc5 Bxc5 7. Nf3 O-O 8. O-O h6 9. h3 Nc6 10. Ne2 Re8 11. c3 Ne4 12. Ned4 Qf6 13. Be3 Bb6 14. Nxc6 bxc6 15. Nd4 Bc7 16. Re1 Bd7 17. Qf3 Qd6 18. Rad1 Rab8 19. Nb3 Qh2+ 20. Kf1 c5 21. Bxe4 dxe4 22. Qh5 Bb5+ 0-1

[Event "FIDE WCC Blitz Women 2019"]
[Site "Moscow"]
[Date "2019.12.30"]
[Round "17.20"]
[White "Nurgali, Nazerke"]
[Black "Pourkashiyan, Atousa"]
[Result "1/2-1/2"]
[WhiteElo "2075"]
[BlackElo "2327"]
[Annotator "NA"]
[PlyCount "119"]
[EventDate "2019.12.29"]
[EventType "swiss"]
[EventCountry "RUS"]
[SourceTitle "playchess.com"]
[Source "ChessBase"]
[SourceQuality "1"]

1. d4 Nf6 2. c4 e6 3. g3 d5 4. Nf3 Be7 5. Bg2 O-O 6. O-O dxc4 7. Qc2 a6 8. Qxc4 b5 9. Qc2 Bb7 10. Bd2 Be4 11. Qc1 Nbd7 12. Ba5 Ra7 13. Nbd2 Ba8 14. Qc2 Qc8 15. Rfc1 c5 16. dxc5 Qxc5 17. Qxc5 Bxc5 18. Rxc5 Nxc5 19. Bb6 Rd7 20. Bxc5 Rc8 21. b4 a5 22. a3 a4 23. h3 h6 24. Ra2 Rcd8 25. Ne5 Rxd2 26. Rxd2 Rxd2 27. Bxa8 Rxe2 28. Nd3 Ra2 29. Nc1 Rxa3 30. Bc6 Ra1 31. Be3 Nd5 32. Bxd5 exd5 33. Kf1 a3 34. Ke2 a2 35. Nxa2 Rxa2+ 36. Kd3 Ra1 37. Kd4 Rd1+ 38. Kc5 Kf8 39. Bd4 f6 40. Kxd5 Ke7 41. Kc5 Ke6 42. Be3 Rd5+ 43. Kc6 h5 44. Bc5 h4 45. Kxb5 hxg3 46. fxg3 Rd3 47. Kc6 Rxg3 48. b5 Rxh3 49. b6 Rh8 50. b7 g5 51. Ba7 f5 52. b8=Q Rxb8 53. Bxb8 f4 54. Kc5 Kf5 55. Kd4 g4 56. Kd3 g3 57. Ke2 Ke4 58. Bc7 f3+ 59. Kf1 g2+ 60. Kf2 1/2-1/2

[Event "FIDE WCC Blitz Women 2019"]
[Site "Moscow"]
[Date "2019.12.30"]
[Round "17.21"]
[White "Bulmaga, Irina"]
[Black "Atalik, Ekaterina"]
[Result "0-1"]
[WhiteElo "2308"]
[BlackElo "2211"]
[Annotator "NA"]
[PlyCount "144"]
[EventDate "2019.12.29"]
[EventType "swiss"]
[EventCountry "RUS"]
[SourceTitle "playchess.com"]
[Source "ChessBase"]
[SourceQuality "1"]

1. e4 c6 2. d4 d5 3. e5 Bf5 4. Nf3 e6 5. Be2 Ne7 6. O-O h6 7. Nbd2 Bh7 8. Nb3 Nd7 9. a4 Ng6 10. a5 Be7 11. Bd3 O-O 12. Be3 Qc7 13. Re1 c5 14. Nxc5 Nxc5 15. dxc5 Bxc5 16. Bxc5 Qxc5 17. c3 Ne7 18. Bxh7+ Kxh7 19. Qd3+ Kg8 20. Ra4 Rfc8 21. h3 b6 22. a6 Nc6 23. Rg4 Qe7 24. Qe3 Kf8 25. h4 Na5 26. Qf4 Rc4 27. Nd4 Nc6 28. Qg3 g6 29. Nb5 Rxg4 30. Qxg4 h5 31. Qf4 Kg7 32. Re3 Rf8 33. Rf3 f6 34. exf6+ Rxf6 35. Qxf6+ Qxf6 36. Rxf6 Kxf6 37. f3 Nb8 38. Nxa7 Nxa6 39. Kf2 Nc5 40. Nb5 Nd3+ 41. Ke3 Nxb2 42. Kd4 Nc4 43. Nc7 Nd6 44. Ke3 Nf5+ 45. Kf2 Nxh4 46. Na8 Ke7 47. Nxb6 Kd6 48. g3 Nf5 49. g4 hxg4 50. fxg4 Ne7 51. Ke3 e5 52. Na4 Nc6 53. Nb2 Na5 54. Nd3 Nc4+ 55. Kf2 Ke6 56. Kg3 g5 57. Ne1 e4 58. Nc2 Ke5 59. Nd4 Nd2 60. Ne2 e3 61. Kg2 Ke4 62. Kg3 Kd3 63. Nc1+ Kc2 64. Ne2 Kd1 65. Nd4 e2 66. Nxe2 Kxe2 67. Kg2 Kd3 68. Kf2 Kxc3 69. Ke3 d4+ 70. Ke2 d3+ 71. Ke3 Nc4+ 72. Ke4 d2 0-1

[Event "FIDE WCC Blitz Women 2019"]
[Site "Moscow"]
[Date "2019.12.30"]
[Round "17.22"]
[White "Goltseva, Ekaterina"]
[Black "Cramling, Pia"]
[Result "1/2-1/2"]
[WhiteElo "2143"]
[BlackElo "2383"]
[Annotator "TA"]
[PlyCount "56"]
[EventDate "2019.12.29"]
[EventType "swiss"]
[EventCountry "RUS"]
[SourceTitle "playchess.com"]
[Source "ChessBase"]
[SourceQuality "1"]

1. d4 Nf6 2. c4 a6 3. Nc3 c5 4. d5 b5 5. e3 e6 6. dxe6 fxe6 7. cxb5 Bb7 8. Nf3 Be7 9. Be2 O-O 10. O-O axb5 11. Nxb5 d5 12. b3 Nc6 13. Bb2 Qb6 14. Ne5 Nxe5 15. Bxe5 Nd7 16. Bb2 e5 17. a4 e4 18. Qd2 Qh6 19. f4 Rad8 20. Rad1 Nf6 21. Qc3 Rfe8 22. Kh1 Rc8 23. Na7 Ra8 24. Nb5 Rac8 25. Na7 Ra8 26. Nb5 Rac8 27. Na7 Ra8 28. Nb5 Rac8 1/2-1/2

[Event "FIDE WCC Blitz Women 2019"]
[Site "Moscow"]
[Date "2019.12.30"]
[Round "17.23"]
[White "Munkhzul, Turmunkh"]
[Black "Danielian, Elina"]
[Result "1-0"]
[WhiteElo "2139"]
[BlackElo "2341"]
[Annotator "NA"]
[PlyCount "219"]
[EventDate "2019.12.29"]
[EventType "swiss"]
[EventCountry "RUS"]
[SourceTitle "playchess.com"]
[Source "ChessBase"]
[SourceQuality "1"]

1. e4 d6 2. d4 Nf6 3. Nc3 c6 4. Nf3 Bg4 5. Be2 e6 6. O-O Be7 7. h3 Bh5 8. Be3 d5 9. Nd2 Bg6 10. Bf3 O-O 11. Re1 a6 12. g3 Nbd7 13. Bg2 b5 14. a3 Rc8 15. e5 Ne8 16. b4 a5 17. Na2 Nb6 18. c3 Ra8 19. Bf1 Ra7 20. Nb3 axb4 21. axb4 Nc4 22. Bxc4 dxc4 23. Na5 Qd5 24. Nc1 Bd8 25. Ne2 Bxa5 26. bxa5 Ra6 27. Nf4 Qd8 28. Bc1 Nc7 29. Ba3 Re8 30. Bc5 Nd5 31. Nxd5 Qxd5 32. Qe2 Bd3 33. Qe3 h6 34. Bb4 Kh7 35. f4 g6 36. Ra2 h5 37. Rf2 Kg7 38. Rg2 Rh8 39. Ra1 Be4 40. Re2 Bf5 41. Kh2 Rha8 42. Rea2 Be4 43. Be7 Bf5 44. Bb4 Bd3 45. Rg1 Bf5 46. Re1 Bd3 47. Kg1 Bf5 48. Kh2 Bd3 49. Rg1 Bf5 50. g4 hxg4 51. hxg4 Rh8+ 52. Kg3 Bd3 53. Be7 Rh7 54. Bf6+ Kf8 55. Rgg2 Ke8 56. Rh2 Rxh2 57. Kxh2 Kd7 58. Kg3 Ra8 59. a6 Qh1 60. Rh2 Qd5 61. Ra2 Qh1 62. Rh2 Qd5 63. Ra2 Be4 64. Qg1 Bd3 65. Qh2 Qe4 66. Qh7 Qe3+ 67. Kg2 Be4+ 68. Kh2 Qxf4+ 69. Kg1 Qxg4+ 70. Kf1 Qd1+ 71. Kf2 Qf3+ 72. Kg1 Qe3+ 73. Kh2 Qf4+ 74. Kg1 Qg3+ 75. Kf1 Bd3+ 76. Re2 Bxe2+ 77. Kxe2 Qd3+ 78. Kf2 Qd2+ 79. Kf3 Qxc3+ 80. Kg2 Qc2+ 81. Kf3 Qd3+ 82. Kg2 Qe4+ 83. Kf1 Rf8 84. Qg7 Ke8 85. a7 Qb1+ 86. Kg2 Qa2+ 87. Kg3 Qxa7 88. Qh6 Qxd4 89. Qc1 Qd3+ 90. Kg2 Qd5+ 91. Kg3 Qd3+ 92. Kg2 Qe2+ 93. Kg3 Kd7 94. Qa1 Qd3+ 95. Kg2 Qd5+ 96. Kg3 Qd3+ 97. Kg2 Qd2+ 98. Kg3 Qe3+ 99. Kg2 Rb8 100. Qd1+ Qd3 101. Qa1 Qd2+ 102. Kg3 Qe3+ 103. Kg2 c5 104. Qa7+ Kc8 105. Qa6+ Kc7 106. Qa7+ Rb7 107. Qa5+ Kc6 108. Qa6+ Kc7 109. Qd6+ Kc8 110. Qd8# 1-0

[Event "FIDE WCC Blitz Women 2019"]
[Site "Moscow"]
[Date "2019.12.30"]
[Round "17.24"]
[White "Heinemann, Josefine"]
[Black "Kovanova, Baira"]
[Result "1/2-1/2"]
[WhiteElo "2325"]
[BlackElo "2218"]
[Annotator "NA"]
[PlyCount "62"]
[EventDate "2019.12.29"]
[EventType "swiss"]
[EventCountry "RUS"]
[SourceTitle "playchess.com"]
[Source "ChessBase"]
[SourceQuality "1"]

1. e4 e5 2. Nf3 Nc6 3. Bb5 a6 4. Ba4 Nge7 5. Nc3 Ng6 6. d4 exd4 7. Nxd4 Nxd4 8. Qxd4 b5 9. Bb3 Bb7 10. a4 c5 11. Qe3 c4 12. Ba2 Bb4 13. O-O Bc6 14. Nd5 Bxd5 15. exd5+ Qe7 16. c3 Bc5 17. Qxe7+ Nxe7 18. Bb1 Rb8 19. Be4 O-O 20. Bf4 d6 21. axb5 axb5 22. Ra6 Rfd8 23. g3 Ng6 24. Bxg6 hxg6 25. Re1 b4 26. Re4 bxc3 27. bxc3 Rb2 28. Be3 Bxe3 29. Rxe3 Rd2 30. Rc6 Rxd5 31. Rxc4 Rf5 1/2-1/2

[Event "FIDE WCC Blitz Women 2019"]
[Site "Moscow"]
[Date "2019.12.30"]
[Round "17.25"]
[White "Balaian, Alina"]
[Black "Mamedjarova, Zeinab"]
[Result "1/2-1/2"]
[WhiteElo "2173"]
[BlackElo "2325"]
[Annotator "NA"]
[PlyCount "136"]
[EventDate "2019.12.29"]
[EventType "swiss"]
[EventCountry "RUS"]
[SourceTitle "playchess.com"]
[Source "ChessBase"]
[SourceQuality "1"]

1. e4 d5 2. exd5 Qxd5 3. Nf3 Nf6 4. Be2 Bg4 5. O-O e6 6. d4 Be7 7. c4 Qd6 8. Nc3 c6 9. h3 Bh5 10. Qb3 Qb4 11. Bf4 Nbd7 12. Rfd1 O-O 13. Rac1 a5 14. Qc2 Bg6 15. Bd3 a4 16. Bxg6 hxg6 17. Ne2 a3 18. b3 Qa5 19. Ng3 Nh5 20. Nxh5 gxh5 21. Qe2 Rfe8 22. Qe3 Bf6 23. Ne5 Rad8 24. Qe2 g6 25. Qe4 Nxe5 26. dxe5 Be7 27. Qe2 Rxd1+ 28. Rxd1 Rd8 29. Rxd8+ Qxd8 30. Qd2 Kf8 31. Qxd8+ Bxd8 32. Bc1 Be7 33. f4 Ke8 34. Kf2 Bc5+ 35. Ke2 b5 36. Kd3 Kd7 37. Bd2 Be7 38. cxb5 cxb5 39. b4 Kc6 40. Kc3 Kd5 41. Kb3 Bd8 42. Kxa3 Bb6 43. Kb3 Ke4 44. a4 h4 45. axb5 Kd3 46. Bc1 Ke2 47. f5 exf5 48. Bg5 Kf1 49. Bxh4 Kxg2 50. Bg5 Kxh3 51. Kc4 Kg3 52. Kd5 f4 53. Kc6 f3 54. Kxb6 f2 55. Ka7 f1=Q 56. b6 Qa1+ 57. Kb7 Qxe5 58. Bd8 Qd5+ 59. Kc8 Qc4+ 60. Bc7+ Kf3 61. b7 Qxb4 62. b8=Q Qxb8+ 63. Bxb8 f5 64. Kd7 f4 65. Ke6 g5 66. Kf5 g4 67. Bxf4 g3 68. Bxg3 Kxg3 1/2-1/2

[Event "FIDE WCC Blitz Women 2019"]
[Site "Moscow"]
[Date "2019.12.30"]
[Round "17.26"]
[White "Garifullina, Leya"]
[Black "Borisova, Ekaterina"]
[Result "1-0"]
[WhiteElo "2267"]
[BlackElo "2029"]
[Annotator "NA"]
[PlyCount "93"]
[EventDate "2019.12.29"]
[EventType "swiss"]
[EventCountry "RUS"]
[SourceTitle "playchess.com"]
[Source "ChessBase"]
[SourceQuality "1"]

1. e4 d6 2. d4 Nf6 3. Nc3 e5 4. Nf3 Nbd7 5. Bc4 Be7 6. O-O O-O 7. Re1 c6 8. a4 a5 9. h3 Nb6 10. Bb3 Nfd7 11. Be3 exd4 12. Nxd4 Nc5 13. Qe2 Nxb3 14. Nxb3 Be6 15. Nd4 Bc4 16. Qg4 Kh8 17. Rad1 Bf6 18. b3 c5 19. Ndb5 Be6 20. Qg3 Be5 21. f4 Bxc3 22. Nxc3 Nc8 23. f5 Bd7 24. Nd5 Bc6 25. c4 Bxd5 26. Rxd5 Qe7 27. Bf4 Ra6 28. e5 Re8 29. Bd2 Qf8 30. e6 Ne7 31. f6 Nxd5 32. cxd5 fxe6 33. dxe6 Qxf6 34. Bc3 Qg6 35. Qf3 d5 36. e7 Raa8 37. Rf1 h6 38. Qf8+ Rxf8 39. Rxf8+ Kh7 40. Rxa8 Qb1+ 41. Kh2 d4 42. e8=Q dxc3 43. Qg8+ Kg6 44. Qe6+ Kh7 45. Rf8 Qd3 46. Qf5+ Qxf5 47. Rxf5 1-0

[Event "FIDE WCC Blitz Women 2019"]
[Site "Moscow"]
[Date "2019.12.30"]
[Round "17.27"]
[White "Bykova, Anastasia"]
[Black "Osmak, Iulija"]
[Result "0-1"]
[WhiteElo "2107"]
[BlackElo "2242"]
[Annotator "NA"]
[PlyCount "94"]
[EventDate "2019.12.29"]
[EventType "swiss"]
[EventCountry "RUS"]
[SourceTitle "playchess.com"]
[Source "ChessBase"]
[SourceQuality "1"]

1. d4 f5 2. g3 Nf6 3. Bg2 g6 4. Nh3 Bg7 5. Nf4 O-O 6. h4 d6 7. d5 c6 8. h5 g5 9. h6 Bh8 10. Nd3 g4 11. Nc3 e5 12. dxe6 Bxe6 13. Nf4 Qe7 14. Be3 Nbd7 15. Bd4 Ne5 16. Qd2 Nc4 17. Qc1 Rae8 18. Nxe6 Qxe6 19. Qg5+ Kf7 20. O-O-O Rg8 21. Qf4 d5 22. Kb1 b6 23. e4 dxe4 24. Bf1 b5 25. Bxf6 Bxf6 26. Bxc4 bxc4 27. Rd6 Qe5 28. Qd2 Re6 29. Rd7+ Re7 30. Rd1 Rge8 31. Qe2 Qe6 32. R7d6 Qe5 33. Qxc4+ Kg6 34. Qxc6 Re6 35. Rxe6 Rxe6 36. Qc4 Rb6 37. Rd5 Qxc3 38. Qxc3 Bxc3 39. b3 Rf6 40. a4 Kxh6 41. Ka2 f4 42. gxf4 Rxf4 43. Rc5 Bd4 44. Rc6+ Kg5 45. Rc7 h5 46. Rc6 Rxf2 47. Ka3 e3 0-1